000 00642nam a2200217 a 4500
999 _c6578
_d6578
001 6578
003 BD-JhCC
005 20180217105446.0
008 180125b2009 bg |||| |||| 000 0 eng d
035 _a(BD-JhCC)
040 _aBD-JhCC
_dBD-JhCC
041 _aeng
082 _a516
_bRAH 2009
100 _aRahman, A. F. M. Abdur
245 _aA text book on Co-Ordinate Geometry with Vector Analysis :
_btwo and three dimensions /
_cA. F. M. Abdur Rahman and P. K. Bhattacharjee
260 _aDhaka:
_bNew Book Palace;
_c2009
300 _a176 p;,
_c24 cm
650 _aVector analysis
700 _aBhattacharjee, P. K.
942 _2ddc
_cBK